• 首页
  • 本馆介绍
  • 公告通知
  • 最新文献
  • 馆藏检索
  • 电子资源
  • 读者导购
  • 参考咨询
  • 我的图书馆
  • 登录
  • 详细信息显示
  • 放入我的书架
  • 预约/预借图书
  • 作者相关作品
  • 分类相关作品
  • 丛书相关作品
  • 出版社相关作品

书目信息

  • 表格格式
  • 工作单格式
  • 卡片格式
题名:
简明中国近代经济史
    
 
作者: 蒋建平 著
分册:  
出版信息: 北京   北京大学出版社  1985
页数: 363页
开本: 19cm
丛书名:
单 册:
中图分类: F129.6
科图分类:
主题词: 经济史--中国--近代 , 经济--中国
电子资源:
ISBN:
000 00739nam0 2200265 45
001 0185002395
005 20040425081659.3
010    @dCNY1.60
091    @a4209.26
100    @a19900904d1985 emky0chiy0121 ea
101 0  @achi
102    @aCN@b110000
105    @ay z 000yy
106    @ar
200 10 @a简明中国近代经济史@Ajian ming zhong guo jin dai jing ji shi@f蒋建平著
210    @a北京@c北京大学出版社@d1985
215    @a363页@d19cm
517 1  @a中国近代经济史@Azhong guo jin dai jing ji shi
606    @a经济史@y中国@z近代
606 0  @a经济@x中国
690    @aF129.6
701  0 @a蒋建平@Ajiang jian ping@4著
801  0 @aCN@b深圳图书馆@c20040425
801  2 @aCN@bNLC@c20040425
905    @f2@b138669-670@dF129.6@e22
    
    简明中国近代经济史/蒋建平著.-北京:北京大学出版社,1985
    363页;19cm
    
    
    ISBN :CNY1.60
    
●
相关链接 在E读中查询图书 在五车中查询图书 在当当中查询图书 在豆瓣中查询图书


正题名:简明中国近代经济史     索取号:F129.6/22         预约/预借

序号 登录号 条形码 馆藏地/架位号 状态 备注
1 0138669   000200794   密集书库/ [索取号:F129.6/22] 在馆    
2 0138670   000201720   第一借阅区/ [索取号:F129.6/22] 在馆    
3 0138671   002057703   第一样本阅览室/ [索取号:F129.6/22] 在馆    
唐山师范学院图书馆 欢迎您!
大连网信软件有限公司© 版权所有